| 000 | 00771nam a2200181 4500 | ||
|---|---|---|---|
| 001 | 126434 | ||
| 003 | ES-MaACL | ||
| 005 | 20230906192823.0 | ||
| 007 | t| | ||
| 008 | 070214s1965 sp r ||||1| spa d | ||
| 245 | 0 | 0 |
_aRenovación litúrgica, doctrina y comentarios _b: Constitución Conciliar sobre la Sagrada Liturgia : Motu propio `Sacram liturgiam` : `Instrucción` para la aplicación de la Constitución de la Sagrada Liturgia / _ccomentarios... de Bonet... [et al.] ; [traducido y adaptado... por... D. Lope Rubio y D. José Vila]. |
| 260 |
_aMadrid [etc.] : _bMarova, _c1965. |
||
| 300 |
_a489 p. ; _c19 cm. |
||
| 700 | 1 |
_aRubio Parrado, Lope. _9100436 |
|
| 700 | 1 |
_aVilla, José. _9114873 |
|
| 700 | 1 |
_aBonet. _930109 |
|
| 852 |
_aES-MaACL _jC-27721 _bR.57106 |
||
| 999 |
_c126434 _d126434 |
||